000 01013nam a2200229 a 4500
001 000035952
005 20260204104946.0
008 111121s1982 dr ac 000 0 spa d
040 _aDO-SdBNP
_bspa
_cBNPHU
082 _a353.55
_bR426i
110 1 _aRepública Dominicana.
_bInstituto Nacional de la Vivienda
_961980
245 1 0 _aINVI :
_b20 años trabajando por el derecho a la vivienda.
246 1 0 _aInstituto Nacional de la Vivienda :
_bveinte años trabajando por el derecho a la vivienda
260 _aSanto Domingo :
_bINVI,
_c1982.
300 _a59 p. :
_bil., retrs. ;
_c22 cm.
505 0 _gIntroducción --
_tCreación y desarrollo histórico del INVI --
_tSituación actual del INVI --
_tPerspectivas del INVI y del sector vivienda --
_gAnexos.
520 _aInventariado, 2018/MFF
650 4 _aPolítica de vivienda
_zRepública Dominicana
_953145
650 0 _aRehabilitación urbana
_94183
651 4 _aRepública Dominicana
_xCondiciones Sociales
_946
910 _aValidado. Control de calidad EMS
999 _c35443
_d35443